Central Library OPAC University of Rajshahi

Historical anthropology / (Record no. 34750)

MARC details
000 -LEADER
fixed length control field 01154nam a2200337 a 4500
001 - CONTROL NUMBER
control field 34750
003 - CONTROL NUMBER IDENTIFIER
rucl marc code BD-RjUL
005 - DATE AND TIME OF LATEST TRANSACTION
control field 20211209052215.0
008 - FIXED-LENGTH DATA ELEMENTS--GENERAL INFORMATION
fixed length control field 140519s20082007enk b 001 0 eng d
020 ## - INTERNATIONAL STANDARD BOOK NUMBER
International Standard Book Number 9780195699357 (pbk.)
International Standard Book Number 0195699351 (pbk.)
035 ## - SYSTEM CONTROL NUMBER
System control number (BD-RjUL)34844
040 ## - CATALOGING SOURCE
Original cataloging agency UKM
Transcribing agency UKM
Modifying agency BTCTA
-- YDXCP
-- DLC
-- BD-RjUL
Language of cataloging eng
041 ## - LANGUAGE CODE
Language code of text/sound track or separate title eng
082 04 - DEWEY DECIMAL CLASSIFICATION NUMBER
Classification number 306.09
Edition number 22
Author mark and year HIS 2008
245 00 - TITLE STATEMENT
Title Historical anthropology /
Statement of responsibility, etc. edited by Saurabh Dube.
260 ## - PUBLICATION, DISTRIBUTION, ETC. (IMPRINT)
Place of publication, distribution, etc. Oxford ;
-- New York :
Name of publisher, distributor, etc. Oxford University Press,
Date of publication, distribution, etc. 2008
300 ## - PHYSICAL DESCRIPTION
Pagination xiv, 435 p. ;
Size 22 cm.
490 0# - SERIES STATEMENT
Series statement Oxford India paperbacks
Series statement Oxford in India readings in sociology and social anthropology
500 ## - GENERAL NOTE
General note Originally published: Oxford: Oxford University Press, 2007.
504 ## - BIBLIOGRAPHY, ETC. NOTE
Bibliography, etc Includes bibliographical references and index.
520 ## - SUMMARY, ETC.
Summary, etc. Contributed articles chiefly with reference to India.
650 #0 - SUBJECT ADDED ENTRY--TOPICAL TERM
Topical term or geographic name as entry element Ethnology
Geographic subdivision India.
9 (RLIN) 105741
Topical term or geographic name as entry element Anthropology
General subdivision History.
9 (RLIN) 105742
651 #0 - SUBJECT ADDED ENTRY--GEOGRAPHIC NAME
Geographic name India
General subdivision Civilization.
9 (RLIN) 105743
700 1# - ADDED ENTRY--PERSONAL NAME
Personal name Dube, Saurabh.
942 ## - ADDED ENTRY ELEMENTS (KOHA)
Source of classification or shelving scheme Dewey Decimal Classification
Koha item type Books
Holdings
Lost status Source of classification or shelving scheme Damaged status Not for loan Collection code Permanent Location Current Location Shelving location Date acquired Source of acquisition Cost, normal purchase price Total Checkouts Full call number Date last seen Copy number Koha item type
  Dewey Decimal Classification   Not For Loan Non-fiction Central Library, University of Rajshahi Central Library, University of Rajshahi Reading Room 19/09/2010 Paragon Enterprises Dhaka 395.00   306.09 HIS 2008 19/05/2014 C-1 Books